1584 1053 1873 1636 1350 1523 1937 1700 1987 1685 1616 1276 1062 1230 1917 1879 1571 1389 1260 1019 1830 1332 1109 1241 1945 1819 1061 1433 1986 1613 1724 1403 1423 1738 1817 1293 1300 1412 1657 1507 1580 1161 1419 1765 1257 1308 1870 1275 1502 1975 1771 1966 1894 1482 1031 1151 1314 1253 1907 1139 1396 1145 1157 1557 1434 1980 1800 1277 1322 1243 1749 1966 1708 1797 1236 1779 1383 1897 1344 1201 1986 1984 1124 1478 1019 1801 1116 1831 1985 1438 1564 1852 1141 1489 1202 1264 1870 1973 1508 BCNSPRNW ULIB Ver.6.0+V

เปลี่ยนเป็นภาษาไทย

Change to English
 แสดงรายละเอียดบรรณานุกรม
  กลับหน้าหลัก

Brief Record : Get Marc (ISO 2709) : E-mail record : QR code < ปิดหน้าต่าง
LEADER : 00000nam 2200000uu 4500
001    13399124421
003     ULIB
008    150707s2547||||th 000 0 tha d
020    ^a9744659939
020    ^a9789744659934
060 04 ^aWQ15^bศ244ว
245 00 ^aศัพท์ :^bสูติศาสตร์และนรีเวชวิทยาสำหรับแพทย์พยาบาลและบุคคลากรสาธารณสุข =^bVocabulary in obstetrics andgynecology for doctors nurses and health officers /^cบรรณาธิการ,วรุณวรรณ ผาโคตร, สิรนาถ นุชนาถ, สมบรุณ์ บุณยเกียรติ
246 31 ^aVocabulary in obstetrics and gynecology for doctors nursesand health officers
250    ^aพิมพ์ครั้งที่ 1
260    ^aกรุงเทพ :^bบริษัทเค.เอส.พี.การพิมพ์จำกัด;^c2547
300    ^aก-ข, 418 ;^c19 ซม.
650  2 ^aDictionaries, Medical
650  2 ^aGynecology^vdictionaries
650  2 ^aObstetrics^vdictionaries
650  7 ^aแพทย์^vพจนานุกรม
650  7 ^aพยาบาล^vพจนานุกรม
650  7 ^aนรีเวชวิทยา^vพจนานุกรม
650  7 ^aสูติศาสตร์^vพจนานุกรม
700 0  ^aวรุณวรรณ ผาโคตร,^eบรรณาธิการ
700 0  ^aสิรนาถ นุชนาถ,^eบรรณาธิการ
700 0  ^aสมบรุณ์ บุณยเกียรติ,^eบรรณาธิการ
945    ^p199^l0^i15361
995    ^aทศพร
999    ^aทศพร เกษรทอง
รายการนี้ยังไม่มีแท็ก
คุณยังไม่ได้ล็อกอิน คุณสามารถมีกิจกรรมร่วมกับเว็บไซต์ได้ แต่ต้องล็อกอินก่อน ::
  ล็อกอิน

รายการสื่อสารสนเทศ

ลำดับที่ ประเภท เลขเรียก/บาร์โค้ด สถานที่ สถานะ
1. วิทยาศาสตร์การแพทย์ และสุขภาพ
วิทยาศาสตร์การแพทย์ และสุขภาพ
สถานะ=หนังสือเก่า
WQ15 ศ244ว ฉ.1 
  Barcode: 15361
ห้องสมุดวิทยาเขตนครสวรรค์
►หนังสือทั่วไป:l:General Books
บนชั้น

รายการใกล้เคียง
    หัวเรื่อง [Dictionaries, Medical]

BibComment


ยังไม่เคยถูกคอมเมนท์

คอมเมนท์ทรัพยากรรายการนี้
  คอมเมนท์: ศัพท์ สูติศาสตร..


 Copyright 2026. Bcnsprnw @Library